Sun, wind, and light: architectural design strategies / (Record no. 354019)

000 -LEADER
fixed length control field 02682cam a22003858i 4500
001 - CONTROL NUMBER
control field 17542602
003 - CONTROL NUMBER IDENTIFIER
control field OSt
005 - DATE AND TIME OF LATEST TRANSACTION
control field 20180116192424.0
008 - FIXED-LENGTH DATA ELEMENTS--GENERAL INFORMATION
fixed length control field 121128s2013 nju 001 0 eng
010 ## - LIBRARY OF CONGRESS CONTROL NUMBER
LC control number 2012047250
020 ## - INTERNATIONAL STANDARD BOOK NUMBER
International Standard Book Number 9780470945780 (pbk.)
040 ## - CATALOGING SOURCE
Original cataloging agency DLC
Language of cataloging eng
Transcribing agency DLC
Description conventions rda
042 ## - AUTHENTICATION CODE
Authentication code pcc
050 00 - LIBRARY OF CONGRESS CALL NUMBER
Classification number NA2542.3
Item number .B76 2013
082 00 - DEWEY DECIMAL CLASSIFICATION NUMBER
Classification number 720/.472
Edition number 23
084 ## - OTHER CLASSIFICATION NUMBER
Classification number ARC009000
Number source bisacsh
100 1# - MAIN ENTRY--PERSONAL NAME
Personal name Brown, G. Z.
9 (RLIN) 7811
245 10 - TITLE STATEMENT
Title Sun, wind, and light: architectural design strategies /
Statement of responsibility, etc. G.Z. Brown, Knight Professor, Department of Architecture, University of Oregon, Mark DeKay.
250 ## - EDITION STATEMENT
Edition statement Third [edition].
263 ## - PROJECTED PUBLICATION DATE
Projected publication date 1304
300 ## - PHYSICAL DESCRIPTION
Extent pages cm
500 ## - GENERAL NOTE
General note Includes index.
505 8# - FORMATTED CONTENTS NOTE
Formatted contents note Machine generated contents note: WHAT'S ON THE DVDI THE SUSTAINABLE DESIGN NAVIGATOR Using the Sustainable Design Navigator an electronic tool for design advice queries 28 Analysis Techniques, 8.5 x 11 printable 90 Design Strategies, 8.5 x 11 printable Indexes, searchable Bibliography, searchableII SUSTAINABLE DESIGN RESOURCES Sun Charts and Sundials Climate Data and Analyses Energy Scheming 3.5 software, demo version Additional ResourcesWHAT'S IN THE PRINTED BOOKIII NAVIGATION Abbreviated Contents for the Printed Book Abbreviated Contents for the DVD Detailed Contents for the Printed Book Detailed Contents for the DVD Additional Navigation MethodsIV USING SUN, WIND & LIGHT The Energetic Design Process Net-Zero Energy and Carbon-Neutral Design Selecting Bundles and Making Your Own Using the Sustainable Design NavigatorV THE FUNDAMENTAL BUNDLESVI QUICK DESIGN GUIDELINESVI TOP 25 DESIGN STRATEGIES Appendix Bibliography Indexes.
520 ## - SUMMARY, ETC.
Summary, etc. "This fully updated Third Edition covers principles of designing buildings that use the sun for heating, wind for cooling, and daylight for natural lighting. Using hundreds of illustrations and companion CD-ROM, this book offers practical strategies that give the designer the tools they need to make energy efficient buildings"--
650 #0 - SUBJECT ADDED ENTRY--TOPICAL TERM
Topical term or geographic name entry element Architecture and energy conservation.
9 (RLIN) 7812
650 #0 - SUBJECT ADDED ENTRY--TOPICAL TERM
Topical term or geographic name entry element Architecture and solar radiation.
9 (RLIN) 7813
650 #0 - SUBJECT ADDED ENTRY--TOPICAL TERM
Topical term or geographic name entry element Interior lighting.
9 (RLIN) 7814
650 #7 - SUBJECT ADDED ENTRY--TOPICAL TERM
Topical term or geographic name entry element ARCHITECTURE / Methods & Materials.
Source of heading or term bisacsh
9 (RLIN) 7815
700 1# - ADDED ENTRY--PERSONAL NAME
Personal name DeKay, Mark.
9 (RLIN) 7816
776 08 - ADDITIONAL PHYSICAL FORM ENTRY
Relationship information Online version:
Main entry heading Brown, G. Z.
Title Sun, wind, and light architectural design strategies
Edition Third [edition].
Place, publisher, and date of publication Hoboken : Wiley, 2013
International Standard Book Number 9781118332887
Record control number (DLC) 2012047931
856 42 - ELECTRONIC LOCATION AND ACCESS
Materials specified Cover image
Uniform Resource Identifier <a href="http://catalogimages.wiley.com/images/db/jimages/9780470945780.jpg">http://catalogimages.wiley.com/images/db/jimages/9780470945780.jpg</a>
906 ## - LOCAL DATA ELEMENT F, LDF (RLIN)
a 7
b cbc
c orignew
d 1
e ecip
f 20
g y-gencatlg
942 ## - ADDED ENTRY ELEMENTS (KOHA)
Source of classification or shelving scheme
Koha item type Book
Holdings
Withdrawn status Lost status Source of classification or shelving scheme Damaged status Not for loan Permanent Location Current Location Date acquired Total Checkouts Total Renewals Full call number Barcode Date last seen Date last checked out Cost, replacement price Price effective from Koha item type
          School of Art Design and Architecture (SADA) School of Art Design and Architecture (SADA) 09/30/2014 3 1 720.472 BRO 2014 SADA0002386 04/15/2016 04/13/2016 8295.50 09/30/2014 Book
© 2023 Central Library, National University of Sciences and Technology. All Rights Reserved.